Taylor Swift - Reputation - First lyrics quiz - Statistiques

Statistiques générales
  • Ce quiz a été pris 75 fois
  • Le résultat moyen est 14 sur 15
Statistiques - réponses
Lyrics Song % Correct
[title of the song], love made me crazy Don't blame me
97%
I don't like your little games Look what you made me do
95%
There's glitter on the floor after the party New year's day
95%
Our secret moments in a crowded room Dress
94%
I never trust a narcissist, but they love me I did something bad
94%
Knew he was a killer first time that I saw him Ready for it
94%
This ain't for the best Delicate
92%
I wanna be your [title of the song] End game
91%
You should take it as a compliment Gorgeous
91%
I'm perfectly fine, I live on my own King of my heart
91%
It was the best of times, the worst of crimes Getaway car
89%
My castle crumbled overnight Call it what you want
88%
See you in the dark So it goes
88%
I, I loved you in secret Dancing with our hands tied
84%
It was so nice throwin' big parties This is why we can't have nice things
84%
Aucun quiz correspondant
Distribution des résultats
% des personnes avec chaque résultat
Percentile par nombre de réponses
Votre historique - résultats
Vous n’avez pas pris ce quiz